Sports Quiz

Random Sports Quiz

15 Toughest Sports according to ESPN Quiz Stats

 Plays Quiz not verified by Sporcle

Challenge
Share
Tweet
Embed
Score 0/15 Timer 05:00
0 Plays Today
Ranking: toughest to least toughest % Correct
3Football
98.8%
9Baseball / Softball
93.5%
4Basketball
92.3%
2Ice Hockey
89.7%
10Soccer
86.7%
13Rugby
69.1%
7Tennis
63.9%
1Boxing
51.8%
Ranking: toughest to least toughest % Correct
5Wrestling
49.5%
14Lacrosse
46.9%
11Skiing: Alpine
41.8%
6Martial Arts
32.7%
12Water Polo
32.5%
8Gymnastics
23.9%
15Rodeo: Steer Wrestling
4.4%

You're not logged in!

Compare scores with friends on all Sporcle quizzes.
OR
Log In

You Might Also Like...

Show Comments

Extras

Created Feb 19, 2010SourceReportNominate
Tags:ESPN, least, toughest

Top Quizzes Today


Score Distribution

Your Account Isn't Verified!

In order to create a playlist on Sporcle, you need to verify the email address you used during registration. Go to your Sporcle Settings to finish the process.

Report this User

Report this user for behavior that violates our Community Guidelines.

Details: